00245 a2200121 4500001000700000020001800007040001100025100002000036240002800056245002300084300000700107362000900114194565 a9788561167967 cMagnum aBarros, Sônia10aNas asas do Haicailpor10aNas asas do Haicai a640 a2016